• 首页
  • 本馆介绍
  • 公告通知
  • 最新文献
  • 馆藏检索
  • 电子资源
  • 读者导购
  • 参考咨询
  • 我的图书馆
  • 登录
  • 详细信息显示
  • 放入我的书架
  • 预约/预借图书
  • 作者相关作品
  • 分类相关作品
  • 丛书相关作品
  • 出版社相关作品

书目信息

  • 表格格式
  • 工作单格式
  • 卡片格式
题名:
产业发展和规划的理论与实践
    
 
作者: 张文忠 著
分册:  
出版信息: 北京   科学出版社  2009.01
页数: 10,489页
开本: 29cm
丛书名:
单 册:
中图分类: F121.3
科图分类:
主题词: 产业发展--研究--中国 , 产业发展
电子资源:
ISBN: 978-7-03-023679-1
000 01138nam0 2200265 450
001 010700059622
005 20091208153529.20
010    @a978-7-03-023679-1@dCNY78.00
100    @a20090113d2009 em y0chiy0110 ea
101 0  @achi
102    @aCN@b110000
105    @aak z 000yy
106    @ar
200 1  @a产业发展和规划的理论与实践@9chan ye fa zhan he gui hua de li lun yu shi jian@f张文忠等著
210    @a北京@c科学出版社@d2009.01
215    @a10,489页@c图@d29cm
300    @a中国科学院知识创新工程重要方向项目(KZCX2-YW0322) 国家自然科学基金重点项目(40635026)共同资助
330    @a本书系统论述了产业结构演变、产业分工、产业区位论、产业集群、产业空间结构等理论;重点研究了不同空间尺度下区域产业发展和规划,以及重点产业发展等问题;同时从产业发展和规划的目标、思路和重点出发,分析了我国未来产业空间发展的趋势,以及各地区产业空间集聚形态和发展方向。
510 1  @aTheory and practice of industrial development and planning@zeng
606 0  @a产业发展@x研究@y中国
606 0  @a产业发展
690    @aF121.3@v4
701  0 @a张文忠@9zhang wen zhong@4著
801  0 @aCN@bRENTIAN@c20091208
905    @b20795530-34@dF121.3@e194@f5
    
    产业发展和规划的理论与实践/张文忠等著.-北京:科学出版社,2009.01
    10,489页:图;29cm
    中国科学院知识创新工程重要方向项目(KZCX2-YW0322) 国家自然科学基金重点项目(40635026)共同资助
    
    ISBN 978-7-03-023679-1:CNY78.00
    本书系统论述了产业结构演变、产业分工、产业区位论、产业集群、产业空间结构等理论;重点研究了不同空间尺度下区域产业发展和规划,以及重点产业发展等问题;同时从产业发展和规划的目标、思路和重点出发,分析了我国未来产业空间发展的趋势,以及各地区产业空间集聚形态和发展方向。
●
相关链接 在E读中查询图书 在五车中查询图书 在当当中查询图书 在豆瓣中查询图书


正题名:产业发展和规划的理论与实践     索取号:F121.3/194         预约/预借

序号 登录号 条形码 馆藏地/架位号 状态 备注
1 795530   207955300   第一样本阅览室/ [索取号:F121.3/194] 在馆    
2 795531   207955319   第一借阅区/ [索取号:F121.3/194] 在馆    
3 795532   207955328   第一借阅区/ [索取号:F121.3/194] 在馆    
4 795533   207955337   第一借阅区/ [索取号:F121.3/194] 在馆    
5 795534   207955346   密集书库-资源管理系/ [索取号:F121.3/194] 在馆    
唐山师范学院图书馆 欢迎您!
大连网信软件有限公司© 版权所有